History Quiz

Random History or Quote Quiz
Score 0/20 Timer 05:00
0 Plays Today
% Correct
It's the life in your men.
91.7%
If it weren’t funny.
89.9%
Is a life worthwhile.
89.8%
Just go right along, you'll start happening too!
88.5%
Meditation, spirit of prayer, and sacrifice, by an intense inner life.
87.3%
But a reality to be experienced.
86.7%
Is never be scared of anyone or anything.
82.9%
You get it.
81.9%
But we can throw the whole book into the fire.
80.9%
All the days of your life.
80.2%
% Correct
With lots of signs.
79.9%
Not until later do you really start absorbing what you saw.
78.1%
Is due to truths being in and out of favor.
75.8%
Consists of his friendships.
75.7%
Do wrong to none.
73.4%
Always has been, always will be.
69.2%
And be without flavor.
61.1%
That is a repetition of repetitions.
59%
Life is one indivisible whole.
46.4%
This is one of the great lessons of war and life.
44.8%
Remove Ads.
Support Sporcle.
Get the best of Sporcle when you Go Orange. This ad-free experience offers more features, more stats, and more fun while also helping to support Sporcle. Thank you for becoming a member.

You're not logged in!

Compare scores with friends on all Sporcle quizzes.
OR
Log In

Show Comments

Extras

Top Quizzes Today


Score Distribution

Your Account Isn't Verified!

In order to create a playlist on Sporcle, you need to verify the email address you used during registration. Go to your Sporcle Settings to finish the process.

Report this User

Report this user for behavior that violates our Community Guidelines.

Details: